| 000 | 01074nam a2200325 a 4500 | ||
|---|---|---|---|
| 005 | 20260322212040.0 | ||
| 008 | data | ||
| 010 | _a 86014873 | ||
| 020 | _a0910701164 (pbk.) | ||
| 020 | _a9780910701167 (pbk.) | ||
| 040 |
_aDNLM/DLC _cDLC |
||
| 050 | 0 |
_aRT82 _b.S73 1986 |
|
| 060 | _aWY 87 S783n | ||
| 096 | _aWY 87 S783s 1986 | ||
| 100 | 1 | _aStamps, Paula L. | |
| 245 | 1 | 0 |
_aNurses and work satisfaction : _ban index for measurement / _cPaula L. Stamps & Eugene B. Piedmonte. |
| 260 |
_aAnn Arbor, Mich. : _bHealth Administration Press Perspectives, _c1986. |
||
| 300 |
_ax, 125 p. ; _c28 cm. |
||
| 504 | _aIncludes bibliographical references and index. | ||
| 590 | _aBibliography: p. [121]-122. | ||
| 590 | _aIncludes index. | ||
| 650 | 0 |
_aNurses _xMeasurement. _xMeasurement. |
|
| 650 | 0 | _aIndex of Work Satisfaction. | |
| 650 | 0 | _aJob enrichment. | |
| 650 | 2 |
_aJob Satisfaction _vNurses' Instruction. |
|
| 650 | 2 |
_aNursing Staff, Hospital _xpsychology. |
|
| 650 | 2 |
_aPsychological Tests _vNurses' Instruction. |
|
| 700 | 1 | _aPiedmonte, Eugene B. | |
| 001 | data | ||
| 999 |
_c948 _d948 |
||